| 000 | 00599nam a22001937a 4500 | ||
|---|---|---|---|
| 999 |
_c3138 _d3138 |
||
| 001 | 7309 | ||
| 003 | BD-DhUAP | ||
| 005 | 20200302121816.0 | ||
| 008 | 200302s1999 it a|||| |||| 00| 0 eng d | ||
| 020 | _a0500283931 | ||
| 040 |
_aBD-DhUAP _bEng _cBD-DhUAP _dBD-DhUAP |
||
| 082 |
_223 _a720.92 GEH |
||
| 245 |
_aGehry talks : _b architecture + process. _cEdited by Mildred Friedman. |
||
| 260 |
_a London : _bThames & Hudson, _c 2003. |
||
| 300 |
_a239 pages : _billustrations ; _c20 cm. |
||
| 650 |
_aArchitecture _xHistory _y20th century _zUnited States. |
||
| 700 | _aFriedman, Mildred. | ||
| 942 |
_2ddc _cBK |
||